| 000 | 11311nam a2200289Ia 4500 | ||
|---|---|---|---|
| 003 | OSt | ||
| 005 | 20200824140615.0 | ||
| 008 | 191128s2009 ck fr 000 0 spa d | ||
| 020 | _a9789588348544 | ||
| 040 |
_aCO-JMCR _cCO-JMCR |
||
| 041 | 0 | _aspa | |
| 082 | 0 | 4 |
_a347.07 / _bR177o _223 |
| 100 | 1 |
_aRamírez Carvajal, Diana María, _eautora _99108 |
|
| 245 | 1 | 0 |
_aOralidad y proceso : _buna perspectiva desde Iberoamérica / _cDiana María Ramírez Carvajal, Andrea A. Meroi, Eduardo López Villegas, [y otros 11] |
| 250 | _aPrimera edición | ||
| 260 |
_aMedellín : _bSello Editorial Universidad de Medellín, _c2009 |
||
| 300 |
_a252 páginas ; _c24 cm. |
||
| 490 | 0 | _aColección Investigación Jurídica Procesal | |
| 500 | _aIncluye notas a pie de página. | ||
| 505 | 0 |
_tLa oralidad y su relación con los poderes de instrucción que tiene el juez en el proceso / _rDiana María Ramírez Carvajal _tOralidad y proceso Civil / _rAndrea A. Meroi _tEl rango mayor del artículo 48 de la ley 1149 de 2007 |
|
| 650 | 1 | 4 |
_aProcedimiento civil _99109 |
| 650 | 1 | 4 |
_aOralidad (Proceso penal) _zColombia _99110 |
| 650 | 1 | 4 |
_aOralidad (Proceso penal) _vestudio de casos _zChocó (Colombia) _99111 |
| 700 | 1 |
_aMeroi, Andrea A., _eautora _99112 |
|
| 700 | 1 |
_aLópez Villegas, Eduardo, _eautor _99113 |
|
| 942 |
_2ddc _cBK |
||
| 999 |
_c5916 _d5916 |
||